[Event "ECU-chT U20 Girls"]
[Site "Carpuela"]
[Date "2014.05.06"]
[Round "7.4"]
[White "Brito Cabrera, Melissa"]
[Black "Salinas Castro, Mercy Yolanda"]
[Result "0-1"]
[WhiteElo "1594"]
[BlackElo "1389"]
[PlyCount "76"]
[EventDate "2014.05.03"]
[EventType "team-swiss"]
[EventRounds "7"]
[EventCountry "ECU"]
[SourceTitle "CBM 160 Extra"]
[Source "ChessBase"]
[SourceDate "2014.07.01"]
[SourceVersion "1"]
[SourceVersionDate "2014.07.01"]
[SourceQuality "1"]
[WhiteTeam "Loja (W)"]
[BlackTeam "Morona Santiago (W)"]
[WhiteTeamCountry "ECU"]
[BlackTeamCountry "ECU"]

1. e4 e5 2. Nf3 Nf6 3. Nc3 Nc6 4. d4 exd4 5. Nxd4 Bb4 6. Nxc6 bxc6 7. Bd3 d5 8. exd5 cxd5 9. 0-0 0-0 10. Bg5 c6 11. Qf3 Be7 12. h3 h6 13. Bf4 Re8 14. g4 Bd6 15. Bg3 Rb8 16. b3 Be6 17. Ne2 Qc7 18. Nf4 Bd7 19. Rae1 Nh7 20. Nh5 Ng5 21. Qg2 Nh7 22. Bxd6 Qxd6 23. f4 Rxe1 24. Rxe1 g6 25. g5 hxg5 26. Rf1 gxh5 27. f5 Qf6 28. Qg3 Re8 29. Qd6 Qd4+ 30. Kg2 Nf6 31. Qg3 Qh4 32. Qd6 Kg7 33. Rf3 Qd4 34. Rg3 Kh6 35. c4 Qe5 36. Qc5 h4 37. Rf3 dxc4 38. Bxc4 Qxc5 0-1